NFL Hall of Fame Members Alma Maters - Statistics

General Stats
  • This quiz has been taken 228 times
  • The average score is 51 of 144
Answer Stats
Hint Answer % Correct
O.J. Simpson Southern California
86%
Joe Montana Notre Dame
85%
Steve Young Brigham Young
83%
Barry Sanders Oklahoma State
83%
John Elway Stanford
83%
Dan Marino Pittsburgh
82%
Roger Staubach Navy
81%
Deion Sanders Florida State
80%
Emmit Smith Florida
78%
Joe Namath Alabama
77%
Marcus Allen Southern California
76%
Jerome Bettis Notre Dame
73%
Michael Irvin Miami
71%
Warren Sapp Miami
71%
Tony Dorsett Pittsburgh
71%
Earl Campbell Texas
71%
Tim Brown Notre Dame
70%
Terry Bradshaw Louisiana Tech
69%
Lawrence Taylor North Carolina
69%
Jim Kelly Miami
68%
Bart Starr Alabama
66%
Eric Dickerson Southern Methodist
66%
Paul Hornung Notre Dame
65%
Junior Seau Southern California
65%
Troy Aikman Oklahoma
64%
Jim Brown Syracuse
64%
Jerry Rice Mississippi Valley State
63%
Marshall Faulk San Diego State
63%
Ronnie Lott Southern California
63%
Dick Butkus Illinois
61%
Anthony Munoz Southern California
61%
Warren Moon Washington
61%
Lynn Swann Southern California
60%
Thurman Thomas Oklahoma State
59%
Walter Payton Jackson State
58%
Cris Carter Ohio State
57%
Gale Sayers Kansas
56%
Johnny Unitas Louisville
56%
Franco Harris Penn State
56%
Dan Fouts Oregon
54%
Bruce Smith Virginia Tech
52%
Bob Griese Purdue
51%
Mike Ditka Pittsburgh
50%
Derrick Brooks Florida State
49%
Harold (Red) Grange Illinois
48%
Bruce Matthews Southern California
48%
Reggie White Tennessee
48%
Ozzie Newsome Alabama
46%
Derrick Thomas Alabama
46%
Jack Ham Penn State
45%
Mike Singletary Baylor
44%
Curtis Martin Pittsburgh
44%
Lee Roy Selmon Oklahoma
43%
Fran Tarkenton Georgia
42%
Larry Csonka Syracuse
41%
Randy White Maryland
40%
Frank Gifford Southern California
40%
Ron Yary Southern California
40%
Howie Long Villanova
40%
Len Dawson Purdue
39%
Rod Woodson Purdue
39%
Fred Biletnikoff Florida State
37%
John Riggins Kansas
37%
Dan Dierdorf Michigan
36%
Joe Greene North Texas
36%
Doak Walker Southern Methodist
36%
Jonathan Ogden UCLA
36%
Sammy Baugh Texas Christian
35%
Don Hutson Alabama
33%
Jack Lambert Kent State
33%
Dave Casper Notre Dame
31%
Shannon Sharpe Savannah State
31%
Merlin Olsen Utah State
31%
Kellen Winslow Missouri
30%
Alan Page Notre Dame
29%
Art Monk Syracuse
29%
Bobby Layne Texas
27%
Steve Largent Tulsa
27%
Michael Strahan Texas Southern
26%
Mike Munchak Penn State
25%
James Lofton Stanford
25%
Jim Thrope Carlisle
24%
Bob Lilly Texas Christian
24%
Sonny Jurgensen Duke
22%
Jack Youngblood Florida
22%
Otto Graham Northwestern
22%
George Blanda Kentucky
21%
Y.A. Tittle Louisiana State
21%
Chuck Bednarik Pennsylvania
21%
John Stallworth Alabama A&M
20%
Lance Alworth Arkansas
20%
Bronko Nagurski Minnesota
20%
Jim Taylor Louisiana State
19%
Andre Reed Kutztown
18%
Norm Van Brocklin Oregon
18%
Chris Doleman Pittsburgh
18%
Richard Dent Tennessee State
18%
Elroy (Crazylegs) Hirsch Wisconsin, Michigan
18%
Ray Nitschke Illinois
17%
Jim Otto Miami
17%
Willie Roaf Louisiana Tech
16%
Larry Allen Sonoma State
16%
Mel Blount Southern
16%
Ray Guy Southern Mississippi
16%
Bob Waterfield UCLA
16%
Lou Groza Ohio State
15%
Lenny Moore Penn State
15%
John Mackey Syracuse
15%
Sam Huff West Virginia
15%
Harry Carson South Carolina State
14%
Willie Wood Southern California
14%
Aeneas Williams Southern
13%
Ernie Nevers Stanford
13%
Charlie Joiner Grambling State
12%
Paul Krause Iowa
12%
Forrest Gregg Southern Methodist
12%
Doug Atkins Tennessee
12%
Jackie Slater Jackson State
11%
Willie Lanier Morgan State
11%
Willie Brown Grambling State
10%
Charles Haley James Madison
10%
Steve Van Buren Louisiana State
9%
Darrell Green Texas A&M - Kingsville
9%
Bob Hayes Florida A&M
8%
Sid Luckman Columbia
7%
Art Shell Maryland State
7%
Herb Adderley Michigan State
7%
David (Deacon) Jones Mississippi Valley State
7%
Raymond Berry Southern Methodist
7%
John Randle Texas A&M - Kingsville
7%
Mel Hein Washington State
7%
Gene Upshaw Texas A&I
6%
Dan Reeves South Carolina
5%
Tom Fears UCLA
5%
Ollie Matson San Francisco
4%
Art Donovan Boston College
3%
Earl (Dutch) Clark Colorado College
3%
Joe Perry Compton
3%
Fred Dean Louisiana Tech
3%
Marion Motley Nevada
3%
Dick (Night Train) Lane Scottsbluff JC
3%
Don Maynard Texas Western
3%
Jackie Smith Northwestern State
1%
Bob St. Clair Tulsa
1%
No matching quizzes found
Score Distribution
Percent of People with Each Score
Percentile by Number Answered
Your Score History
You have not taken this quiz